Countries with Eight Letters - Statistics

General Stats
  • This quiz has been taken 261 times
  • The average score is 18 of 25
Answer Stats
Answer % Correct
Colombia
92%
Paraguay
90%
Suriname
89%
Honduras
85%
Dominica
79%
Barbados
78%
Botswana
76%
Ethiopia
76%
Slovakia
76%
Slovenia
76%
Pakistan
75%
Kiribati
74%
Cambodia
73%
Cameroon
72%
Portugal
72%
Mongolia
71%
Tanzania
70%
Bulgaria
68%
Thailand
68%
Zimbabwe
67%
Malaysia
65%
Djibouti
59%
Maldives
59%
Sri Lanka
54%
Eswatini
53%
No matching quizzes found
Score Distribution
Percent of People with Each Score
Percentile by Number Answered
Your Score History
You have not taken this quiz